Organization theory

This comprehensive collection presents organization theory in its historical context. It includes an authoritative selection of seminal articles published since the 1960s, which exercise continuing influence on contemporary thinking about organizations.

Enregistré dans:
Détails bibliographiques
Format: Livre
Langue:Undetermined
Publié: England Penguin book 1971
Sujets:
Tags: Ajouter un tag
Pas de tags, Soyez le premier à ajouter un tag!
Thư viện lưu trữ: Trung tâm Học liệu Trường Đại học Cần Thơ
LEADER 00738nam a2200181Ia 4500
001 CTU_227699
008 210402s9999 xx 000 0 und d
082 |a 302.35 
082 |b O.68 
245 0 |a Organization theory 
245 0 |c Edited by D. S. Pugh 
260 |a England 
260 |b Penguin book 
260 |c 1971 
520 |a This comprehensive collection presents organization theory in its historical context. It includes an authoritative selection of seminal articles published since the 1960s, which exercise continuing influence on contemporary thinking about organizations. 
650 |a Tổ chức xã hội,Organizational behavior 
910 |b dqhieu 
980 |a Trung tâm Học liệu Trường Đại học Cần Thơ